[Event "16. Obert Internacional Sant Martí 2014"]
[Site "Barcelona ESP"]
[Date "2014.07.16"]
[Round "4.24"]
[White "Gomez Ledo, Roberto Carlos"]
[Black "Cortes Orihuela, Javier"]
[Result "1-0"]
[WhiteElo "2429"]
[BlackElo "2155"]
[PlyCount "71"]
[EventDate "2014.07.13"]
[EventType "swiss"]
[EventRounds "9"]
[EventCountry "ESP"]
[Source "lmi"]
[SourceDate "2014.07.13"]

1. d4 Nf6 2. c4 g6 3. Nc3 d5 4. cxd5 Nxd5 5. e4 Nxc3 6. bxc3 Bg7 7. Bc4 c5 8.
Ne2 Nc6 9. Be3 O-O 10. O-O Bg4 11. f3 Bd7 12. Rb1 Qc7 13. Bd3 Rad8 14. d5 Na5
15. Bf4 Qc8 16. c4 b5 17. Qc1 e6 18. Qa3 Nxc4 19. Bxc4 bxc4 20. Rb8 Qxb8 21.
Bxb8 Rxb8 22. Qxa7 exd5 23. Qxd7 d4 24. Qd5 d3 25. Nf4 Rfd8 26. Qxc4 Rb4 27.
Qa6 Bd4+ 28. Kh1 d2 29. Nd5 Rb2 30. Rd1 Rdb8 31. Qd3 Kf8 32. h4 Rxa2 33. Rxd2
Ra1+ 34. Rd1 Rxd1+ 35. Qxd1 Ra8 36. Kh2 1-0

[Event "16. Obert Internacional Sant Martí 2014"]
[Site "Barcelona ESP"]
[Date "2014.07.16"]
[Round "4.25"]
[White "Bru Rullo, Llatzer"]
[Black "Cruz, Filemon"]
[Result "0-1"]
[WhiteElo "2152"]
[BlackElo "2412"]
[PlyCount "70"]
[EventDate "2014.07.13"]
[EventType "swiss"]
[EventRounds "9"]
[EventCountry "ESP"]
[Source "lmi"]
[SourceDate "2014.07.13"]

1. e4 e5 2. Nf3 Nc6 3. d4 exd4 4. c3 d5 5. exd5 Qxd5 6. cxd4 Bg4 7. Be2 Bb4+ 8.
Nc3 Nf6 9. O-O Bxc3 10. bxc3 O-O 11. h3 Bh5 12. c4 Qd6 13. Bb2 Rfe8 14. Re1
Rad8 15. d5 Bxf3 16. Bxf3 Ne5 17. Bxe5 Rxe5 18. Qd4 Rxe1+ 19. Rxe1 b6 20. Rc1
Re8 21. g3 Nd7 22. Bg2 Nc5 23. Rc3 Re1+ 24. Kh2 Qe5 25. Qxe5 Rxe5 26. Re3 Rxe3
27. fxe3 Kf8 28. Kg1 Ke7 29. Kf1 Nd3 30. Be4 Nb2 31. c5 bxc5 32. Ke2 h6 33. Kd2
Nc4+ 34. Kd3 Nd6 35. Bf3 Kf6 0-1

[Event "16. Obert Internacional Sant Martí 2014"]
[Site "Barcelona ESP"]
[Date "2014.07.16"]
[Round "4.26"]
[White "Benet Morant, Damia"]
[Black "Sanchez, Sebastian Felipe"]
[Result "0-1"]
[WhiteElo "2048"]
[BlackElo "2375"]
[PlyCount "50"]
[EventDate "2014.07.13"]
[EventType "swiss"]
[EventRounds "9"]
[EventCountry "ESP"]
[Source "lmi"]
[SourceDate "2014.07.13"]

1. d4 Nf6 2. c4 e6 3. g3 d5 4. Nf3 dxc4 5. Qa4+ Nbd7 6. Bg2 a6 7. Qxc4 b5 8.
Qc2 Bb7 9. Bd2 c5 10. dxc5 Bxc5 11. b4 Be7 12. O-O Rc8 13. Qb3 Bd5 14. Qe3 Nb6
15. Bc3 Na4 16. Rd1 Qc7 17. Be5 Ng4 18. Qd4 Nxe5 19. Nxe5 Bxg2 20. Nd2 Rd8 21.
Qe3 Bf6 22. f4 Qc3 23. Qf2 Bxe5 24. fxe5 Rxd2 25. Rac1 Rxd1+ 0-1

[Event "16. Obert Internacional Sant Martí 2014"]
[Site "Barcelona ESP"]
[Date "2014.07.16"]
[Round "4.27"]
[White "Guix Torres, David"]
[Black "Matsenko, Andrei"]
[Result "1-0"]
[WhiteElo "2045"]
[BlackElo "2294"]
[PlyCount "47"]
[EventDate "2014.07.13"]
[EventType "swiss"]
[EventRounds "9"]
[EventCountry "ESP"]
[Source "lmi"]
[SourceDate "2014.07.13"]

1. e4 c5 2. Nf3 Nc6 3. d4 cxd4 4. Nxd4 Qc7 5. Nc3 e6 6. Be3 a6 7. Qd2 Nf6 8.
O-O-O Be7 9. f3 h5 10. h3 b5 11. Bf4 e5 12. Nxc6 dxc6 13. Be3 Be6 14. Qf2 a5
15. Bc5 a4 16. a3 O-O 17. g4 Rfb8 18. Be2 Qb7 19. f4 exf4 20. gxh5 Bxc5 21.
Qxc5 b4 22. axb4 Qxb4 23. Rd8+ Kh7 24. Qxb4 1-0

[Event "16. Obert Internacional Sant Martí 2014"]
[Site "Barcelona ESP"]
[Date "2014.07.16"]
[Round "4.29"]
[White "Alfara Ayllon, Jose Luis"]
[Black "Lindh, Fredrik"]
[Result "0-1"]
[WhiteElo "1942"]
[BlackElo "2205"]
[PlyCount "100"]
[EventDate "2014.07.13"]
[EventType "swiss"]
[EventRounds "9"]
[EventCountry "ESP"]
[Source "lmi"]
[SourceDate "2014.07.13"]

1. e4 c5 2. Nf3 Nc6 3. d4 cxd4 4. Nxd4 Nf6 5. Nc3 e5 6. Ndb5 d6 7. Bg5 a6 8.
Na3 b5 9. Nd5 Be7 10. Bxf6 Bxf6 11. c3 Ne7 12. Nxe7 Bxe7 13. g3 b4 14. cxb4 d5
15. Nc2 dxe4 16. Qxd8+ Bxd8 17. Bc4 Bb7 18. O-O Rc8 19. Ne3 Bb6 20. Rac1 O-O
21. a4 Rfd8 22. a5 Bd4 23. b3 g6 24. g4 Kg7 25. Rc2 Rd6 26. Rfc1 Rb8 27. b5
axb5 28. Bxb5 Ba6 29. Ba4 Bb5 30. Ra2 Bxa4 31. Rxa4 Rxb3 32. a6 Rxe3 33. fxe3
Bxe3+ 34. Kf1 Bxc1 35. a7 Rd8 36. a8=Q Rxa8 37. Rxa8 f5 38. Ra7+ Kh6 39. gxf5
gxf5 40. Re7 Bf4 41. h3 Kg6 42. Ke2 h6 43. Re6+ Kh5 44. Rf6 Kg5 45. Rf8 Bc1 46.
Rg8+ Kh4 47. Rc8 Bb2 48. Rh8 h5 49. Ke3 Bd4+ 50. Ke2 f4 0-1

[Event "16. Obert Internacional Sant Martí 2014"]
[Site "Barcelona ESP"]
[Date "2014.07.16"]
[Round "4.30"]
[White "Dave, Dhyani"]
[Black "Ventura Bolet, Maxim"]
[Result "1/2-1/2"]
[WhiteElo "2201"]
[BlackElo "2044"]
[PlyCount "79"]
[EventDate "2014.07.13"]
[EventType "swiss"]
[EventRounds "9"]
[EventCountry "ESP"]
[Source "lmi"]
[SourceDate "2014.07.13"]

1. e4 c5 2. Nf3 e6 3. d3 Nc6 4. g3 g6 5. Bg2 Bg7 6. O-O Nge7 7. Qe2 e5 8. c3
O-O 9. Be3 d6 10. Qd2 b6 11. Bh6 Bg4 12. Na3 Qd7 13. Nc4 Rad8 14. Bxg7 Kxg7 15.
Ne3 Bh3 16. Nd5 Nxd5 17. exd5 Ne7 18. c4 Bxg2 19. Kxg2 h6 20. Ng1 Rde8 21. a3
f5 22. f4 exf4 23. Rxf4 g5 24. Rf2 Ng6 25. Qc3+ Kh7 26. Re1 f4 27. gxf4 Nxf4+
28. Kh1 Qg4 29. Qd2 Qf5 30. Rf3 Qg6 31. Rfe3 Rxe3 32. Rxe3 Re8 33. Rf3 Qf5 34.
b4 Qg4 35. Rg3 Qh5 36. Re3 Rxe3 37. Qxe3 Qg4 38. Qe7+ Kh8 39. Qf8+ Kh7 40. Qf7+
1/2-1/2

[Event "16. Obert Internacional Sant Martí 2014"]
[Site "Barcelona ESP"]
[Date "2014.07.16"]
[Round "4.31"]
[White "Cruz, Jonathan"]
[Black "Matsenko, Elena"]
[Result "1-0"]
[WhiteElo "2471"]
[BlackElo "1929"]
[PlyCount "67"]
[EventDate "2014.07.13"]
[EventType "swiss"]
[EventRounds "9"]
[EventCountry "ESP"]
[Source "lmi"]
[SourceDate "2014.07.13"]

1. d4 d5 2. Nf3 Nf6 3. c4 c6 4. e3 e6 5. Bd3 Nbd7 6. O-O Bd6 7. Nc3 O-O 8. e4
dxe4 9. Nxe4 Nxe4 10. Bxe4 Nf6 11. Bc2 Be7 12. Qd3 g6 13. Bh6 Re8 14. Rad1 c5
15. Qc3 Qc7 16. dxc5 Qxc5 17. Ne5 Bf8 18. b4 Qxb4 19. Qxb4 Bxb4 20. Ba4 b5 21.
Bxb5 Bb7 22. Rb1 a5 23. a3 Bc3 24. Bxe8 Nxe8 25. Rxb7 Bxe5 26. Rd1 Nd6 27. Rd7
f6 28. R1xd6 Bxd6 29. Rxd6 Rc8 30. Rd7 Rxc4 31. Rg7+ Kh8 32. Rf7 Rc8 33. Rxf6
Kg8 34. g3 1-0

[Event "16. Obert Internacional Sant Martí 2014"]
[Site "Barcelona ESP"]
[Date "2014.07.16"]
[Round "4.32"]
[White "Pozanco Romasanta, Marc"]
[Black "Perpinya Rofes, Lluis Maria"]
[Result "1-0"]
[WhiteElo "2088"]
[BlackElo "2400"]
[PlyCount "73"]
[EventDate "2014.07.13"]
[EventType "swiss"]
[EventRounds "9"]
[EventCountry "ESP"]
[Source "lmi"]
[SourceDate "2014.07.13"]

1. d4 Nf6 2. c4 g6 3. Nc3 Bg7 4. e4 d6 5. Be2 O-O 6. Bg5 h6 7. Be3 c5 8. d5 e6
9. Qd2 exd5 10. exd5 Kh7 11. h3 a6 12. a4 Re8 13. Nf3 Bf5 14. O-O Nbd7 15. g4
Ne4 16. Nxe4 Bxe4 17. Nh2 Qh4 18. f3 Bxd5 19. Bf2 Qe7 20. Qxd5 Nf6 21. Qd2 Qxe2
22. Qxd6 Rac8 23. Qb6 Qxc4 24. Qxb7 Rb8 25. Qa7 Rxb2 26. Rac1 Qf4 27. Qxc5 Ree2
28. Rc4 Qb8 29. g5 Nd7 30. Qc7 Qe8 31. Re4 Rxe4 32. fxe4 Qe6 33. Qg3 Qxe4 34.
gxh6 Be5 35. Qg2 Nf6 36. Nf3 Bc7 37. Ng5+ 1-0

[Event "16. Obert Internacional Sant Martí 2014"]
[Site "Barcelona ESP"]
[Date "2014.07.16"]
[Round "4.33"]
[White "Marchador Villalba, Jordi"]
[Black "Gomez Jurado, Luis Alberto"]
[Result "0-1"]
[WhiteElo "2025"]
[BlackElo "2304"]
[PlyCount "125"]
[EventDate "2014.07.13"]
[EventType "swiss"]
[EventRounds "9"]
[EventCountry "ESP"]
[Source "lmi"]
[SourceDate "2014.07.13"]

1. f4 Nf6 2. Nf3 c5 3. e3 d5 4. b3 g6 5. Bb2 Bg7 6. Bb5+ Nbd7 7. O-O O-O 8. a4
Nb8 9. Be2 Nc6 10. Ne5 Qc7 11. Nxc6 Qxc6 12. Bf3 Be6 13. Na3 Qd7 14. Be5 Ne8
15. Bxg7 Nxg7 16. Qe2 a6 17. Rad1 Qd6 18. c4 Rab8 19. cxd5 Bxd5 20. Nc4 Bxc4
21. bxc4 Rfd8 22. g4 Qd7 23. a5 Ne8 24. Rf2 Qa4 25. f5 Ng7 26. Rdf1 Rf8 27. Bd5
e6 28. fxe6 fxe6 29. Rxf8+ Rxf8 30. Rxf8+ Kxf8 31. Bxb7 Qxa5 32. Qd3 Ne8 33.
Bc6 Qc7 34. Bxe8 Kxe8 35. Qc3 e5 36. Qd3 Ke7 37. Qd5 Qd6 38. Qb7+ Kf6 39. Qxh7
Kg5 40. h3 e4 41. Kf1 a5 42. Ke1 a4 43. Qa7 Kh4 44. Qxa4 Kxh3 45. Qe8 Qg3+ 46.
Kd1 Qxg4+ 47. Kc2 Qf5 48. Qh8+ Kg2 49. Qg8 g5 50. Qd5 Qg6 51. Qxc5 g4 52. Qd5
g3 53. c5 Kf2 54. Qd6 Qg8 55. Qf4+ Ke2 56. c6 g2 57. Qh2 Qc4+ 58. Kb2 Qb4+ 59.
Ka2 Qxd2+ 60. Kb3 Qxe3+ 61. Kb4 Kf1 62. c7 Qb6+ 63. Ka4 0-1

[Event "16. Obert Internacional Sant Martí 2014"]
[Site "Barcelona ESP"]
[Date "2014.07.16"]
[Round "4.34"]
[White "Oms Fuentes, Lluis"]
[Black "Bernat, Ernest"]
[Result "1-0"]
[WhiteElo "2293"]
[BlackElo "2101"]
[PlyCount "68"]
[EventDate "2014.07.13"]
[EventType "swiss"]
[EventRounds "9"]
[EventCountry "ESP"]
[Source "lmi"]
[SourceDate "2014.07.13"]

1. e4 c6 2. Nc3 d5 3. Nf3 dxe4 4. Nxe4 Nf6 5. Nxf6+ exf6 6. d4 Bd6 7. Be3 O-O
8. Bd3 Nd7 9. Qd2 Re8 10. O-O-O Qc7 11. Rhg1 Nf8 12. g4 a5 13. c4 Bd7 14. c5
Be7 15. g5 f5 16. h4 Be6 17. Kb1 Bd5 18. Ne5 Be4 19. Bxe4 fxe4 20. Qc2 Nd7 21.
Bf4 Nxe5 22. Bxe5 Qc8 23. Qxe4 Qe6 24. f4 Rad8 25. h5 Qd5 26. Qc2 Rf8 27. h6 g6
28. Rde1 Rd7 29. Re3 Rc8 30. Rge1 Bf8 31. Bf6 Rdc7 32. Qe4 Qd7 33. Qe5 Ra8 34.
Bg7 Qc8 1-0

[Event "16. Obert Internacional Sant Martí 2014"]
[Site "Barcelona ESP"]
[Date "2014.07.16"]
[Round "4.35"]
[White "Ryan, Joseph"]
[Black "Vigo Allepuz, David"]
[Result "1/2-1/2"]
[WhiteElo "2285"]
[BlackElo "2085"]
[PlyCount "158"]
[EventDate "2014.07.13"]
[EventType "swiss"]
[EventRounds "9"]
[EventCountry "ESP"]
[Source "lmi"]
[SourceDate "2014.07.13"]

1. Nf3 Nf6 2. g3 c5 3. Bg2 Nc6 4. O-O d5 5. d4 e6 6. c4 dxc4 7. dxc5 Qxd1 8.
Rxd1 Bxc5 9. Nbd2 c3 10. bxc3 Bd7 11. Nb3 Bb6 12. Nfd4 Nxd4 13. cxd4 Bc6 14.
Bxc6+ bxc6 15. Ba3 O-O-O 16. Rac1 Kb7 17. Be7 Rd7 18. Bxf6 gxf6 19. a4 a5 20.
Nc5+ Bxc5 21. Rxc5 Rd5 22. Rb1+ Kc7 23. Rxd5 exd5 24. Kg2 Re8 25. e3 h5 26. Kh3
Re4 27. Rb3 c5 28. Rc3 c4 29. Rc1 Re8 30. Kh4 Rb8 31. Rc2 Kd6 32. Kxh5 Rh8+ 33.
Kg4 Rxh2 34. Rb2 Rh1 35. Rb6+ Ke7 36. Rb5 c3 37. Rc5 Ra1 38. Rxc3 Rxa4 39. Rc7+
Ke6 40. Rc6+ Ke7 41. Kf5 Ra2 42. f3 Ra3 43. Rc7+ Kd6 44. Rxf7 Rxe3 45. Kf4 Rd3
46. Rxf6+ Ke7 47. Ra6 Rxd4+ 48. Ke3 Ra4 49. g4 Ra3+ 50. Kf2 d4 51. f4 Ra2+ 52.
Kf3 d3 53. f5 d2 54. Ke2 d1=Q+ 55. Kxd1 Rg2 56. Rg6 a4 57. Kc1 a3 58. Kb1 Rb2+
59. Ka1 Rf2 60. Re6+ Kf7 61. Re5 Rg2 62. Re4 Kf6 63. Rf4 a2 64. Ra4 Kf7 65.
Ra7+ Kf6 66. Ra6+ Kf7 67. Rg6 Rf2 68. Rh6 Rg2 69. Rg6 Rf2 70. Ra6 Rg2 71. Ra4
Kf6 72. Rf4 Rh2 73. Re4 Rg2 74. Ra4 Kf7 75. Rf4 Kf6 76. Re4 Kf7 77. Rd4 Kf6 78.
Rd6+ Kf7 79. Rg6 Rf2 1/2-1/2

[Event "16. Obert Internacional Sant Martí 2014"]
[Site "Barcelona ESP"]
[Date "2014.07.16"]
[Round "4.36"]
[White "Porras Mateo, Felipe"]
[Black "Hapala, Elisabeth"]
[Result "1/2-1/2"]
[WhiteElo "2243"]
[BlackElo "2068"]
[PlyCount "66"]
[EventDate "2014.07.13"]
[EventType "swiss"]
[EventRounds "9"]
[EventCountry "ESP"]
[Source "lmi"]
[SourceDate "2014.07.13"]

1. c4 c6 2. d4 d5 3. e3 Nf6 4. Nf3 Bg4 5. Nbd2 e6 6. Bd3 Nbd7 7. O-O Bd6 8. h3
Bh5 9. b3 O-O 10. Bb2 Qe7 11. Re1 Ba3 12. Bxa3 Qxa3 13. Qc2 Bg6 14. Bxg6 hxg6
15. c5 Qa5 16. a3 Qc7 17. e4 Nxe4 18. Nxe4 dxe4 19. Qxe4 Rad8 20. b4 Nf6 21.
Qe5 Qc8 22. Rab1 a6 23. a4 Nd5 24. Rb3 Rd7 25. b5 axb5 26. axb5 Nc7 27. bxc6
bxc6 28. Qe4 Rd5 29. Qh4 Rh5 30. Qe4 Rd5 31. Qh4 Rh5 32. Qe4 Rd5 33. Qh4 Rh5
1/2-1/2

[Event "16. Obert Internacional Sant Martí 2014"]
[Site "Barcelona ESP"]
[Date "2014.07.16"]
[Round "4.37"]
[White "Inouss, Badr"]
[Black "Dalo, Hermes"]
[Result "0-1"]
[WhiteElo "2008"]
[BlackElo "2226"]
[PlyCount "112"]
[EventDate "2014.07.13"]
[EventType "swiss"]
[EventRounds "9"]
[EventCountry "ESP"]
[Source "lmi"]
[SourceDate "2014.07.13"]

1. d4 Nf6 2. c4 g6 3. Nc3 Bg7 4. e4 d6 5. Be2 O-O 6. Nf3 Nbd7 7. O-O e5 8. Bg5
h6 9. Bd2 Re8 10. dxe5 dxe5 11. Qc1 Kh7 12. Rd1 c6 13. Be3 Qe7 14. Nd2 Nc5 15.
Bxc5 Qxc5 16. Rb1 Ng4 17. Rf1 Qe7 18. h3 Nf6 19. b4 g5 20. Nd1 h5 21. Nf3 g4
22. Ng5+ Kg8 23. h4 Bh6 24. Qc2 Bxg5 25. hxg5 Nh7 26. g6 fxg6 27. c5 Nf8 28.
Ne3 Ne6 29. Bc4 Kg7 30. Bxe6 Bxe6 31. Rfd1 Rad8 32. Qa4 a6 33. Qc2 Rf8 34. a3
h4 35. Rxd8 Qxd8 36. Rd1 Qg5 37. Qd2 Qf4 38. Nf1 g3 39. fxg3 hxg3 40. Qe3 Bc4
41. Qxg3 Bxf1 42. Rd7+ Rf7 43. Qxf4 exf4 44. Rxf7+ Kxf7 45. Kxf1 g5 46. Ke2 g4
47. Kf2 Ke6 48. g3 Ke5 49. gxf4+ Kxf4 50. e5 Kxe5 51. Kg3 a5 52. Kxg4 axb4 53.
axb4 Kd4 54. Kf4 Kc4 55. Ke4 Kxb4 56. Kd4 Kb5 0-1

[Event "16. Obert Internacional Sant Martí 2014"]
[Site "Barcelona ESP"]
[Date "2014.07.16"]
[Round "4.38"]
[White "Andersen, Alf R"]
[Black "Sonis, Francesco"]
[Result "1-0"]
[WhiteElo "2214"]
[BlackElo "2029"]
[PlyCount "75"]
[EventDate "2014.07.13"]
[EventType "swiss"]
[EventRounds "9"]
[EventCountry "ESP"]
[Source "lmi"]
[SourceDate "2014.07.13"]

1. e4 c5 2. a3 g6 3. b4 Bg7 4. Nc3 d6 5. g3 Nf6 6. Bg2 Nc6 7. Rb1 O-O 8. Nge2
Rb8 9. O-O b6 10. Re1 Bb7 11. Nd5 e6 12. Nxf6+ Bxf6 13. b5 Nd4 14. c3 Nxe2+ 15.
Rxe2 e5 16. d3 d5 17. Bh6 Re8 18. Qa4 Ra8 19. Rbe1 Re6 20. h4 Rd6 21. d4 cxd4
22. cxd4 dxe4 23. dxe5 Rd4 24. Qb3 Bxe5 25. Bxe4 Bxe4 26. Rxe4 Rxe4 27. Rxe4
Bg7 28. Bg5 Qd7 29. Re7 Qf5 30. a4 Bd4 31. Be3 Bxe3 32. Qxe3 Qf6 33. Qe4 Kg7
34. Rd7 Rd8 35. Rxa7 Rd1+ 36. Kg2 Qa1 37. Qf3 Kh8 38. Rxf7 1-0

[Event "16. Obert Internacional Sant Martí 2014"]
[Site "Barcelona ESP"]
[Date "2014.07.16"]
[Round "4.39"]
[White "Lasinskas, Povilas"]
[Black "Ramon Serrano, Francisco Javier"]
[Result "1-0"]
[WhiteElo "2212"]
[BlackElo "2022"]
[PlyCount "125"]
[EventDate "2014.07.13"]
[EventType "swiss"]
[EventRounds "9"]
[EventCountry "ESP"]
[Source "lmi"]
[SourceDate "2014.07.13"]

1. d4 Nf6 2. c4 g6 3. Nc3 d5 4. Nf3 Bg7 5. cxd5 Nxd5 6. Bg5 Nxc3 7. bxc3 O-O 8.
e3 c5 9. Bc4 cxd4 10. cxd4 Qa5+ 11. Qd2 Qxd2+ 12. Kxd2 Re8 13. Rab1 Nc6 14.
Rhc1 h6 15. Bh4 g5 16. Bg3 Rd8 17. Ke1 g4 18. Nd2 a6 19. a4 a5 20. Rb5 e5 21.
d5 Nb4 22. e4 Bd7 23. Rxb7 Bxa4 24. Ke2 Rd7 25. Rb6 Rdd8 26. Bh4 Rdc8 27. Ra1
Be8 28. Kd1 Bf8 29. d6 Nc6 30. Ba6 Rcb8 31. Bb7 Rxb7 32. Rxb7 Bxd6 33. Nc4 Bb4
34. Nb6 Rb8 35. Rxb8 Nxb8 36. Nd5 Bc6 37. Nf6+ Kg7 38. Nxg4 Bxe4 39. f3 Bd5 40.
Bf6+ Kg6 41. Bxe5 Nc6 42. Bb2 Bb3+ 43. Ke2 a4 44. Rc1 Na5 45. Ne5+ Kf5 46. g4+
Ke6 47. Nd3 Bc4 48. Ke3 Bd6 49. h3 Bd5 50. Nc5+ Bxc5+ 51. Rxc5 Nc4+ 52. Kd4
Nxb2 53. Rxd5 Nd3 54. Ra5 Nf4 55. Rxa4 Nxh3 56. Ra6+ Ke7 57. Rxh6 Ng5 58. f4
Nf3+ 59. Kc3 f6 60. Rh3 Ng1 61. Re3+ Kf7 62. Kd2 f5 63. g5 1-0

[Event "16. Obert Internacional Sant Martí 2014"]
[Site "Barcelona ESP"]
[Date "2014.07.16"]
[Round "4.40"]
[White "Capellades Subirana, Marc"]
[Black "Yapar, Nedim"]
[Result "1/2-1/2"]
[WhiteElo "2211"]
[BlackElo "1971"]
[PlyCount "189"]
[EventDate "2014.07.13"]
[EventType "swiss"]
[EventRounds "9"]
[EventCountry "ESP"]
[Source "lmi"]
[SourceDate "2014.07.13"]

1. e4 e6 2. d4 d5 3. e5 c5 4. c3 Nc6 5. Nf3 Qb6 6. Bd3 cxd4 7. cxd4 Bd7 8. Nc3
Nxd4 9. Nxd4 Qxd4 10. O-O a6 11. Qe2 Ne7 12. Rd1 Nc6 13. Bxa6 Qxe5 14. Bxb7
Qxe2 15. Nxe2 Rb8 16. Bxc6 Bxc6 17. Nd4 Bd7 18. a4 f6 19. a5 e5 20. Nc2 d4 21.
Nxd4 exd4 22. Bf4 Rd8 23. Rxd4 Be7 24. Re1 Bb5 25. Rde4 Rd7 26. Bd6 Rxd6 27.
Rxe7+ Kd8 28. Rxg7 Re8 29. Rxe8+ Kxe8 30. h4 Rd1+ 31. Kh2 Bd3 32. Rg8+ Kd7 33.
Rf8 Ke7 34. Rb8 Kd6 35. b4 Kc7 36. Rf8 Rb1 37. Rf7+ Kc8 38. Rxf6 Rxb4 39. Rd6
Bg6 40. Kg3 Kc7 41. Rf6 Ra4 42. a6 Kd7 43. h5 Bxh5 44. f4 Bg6 45. f5 Bxf5 46.
Rxf5 Rxa6 47. Rf7+ Ke8 48. Rxh7 Ra4 49. Rg7 Kf8 50. Rg4 Ra3+ 51. Kh4 Kf7 52.
Kh5 Ra1 53. Rg3 Rh1+ 54. Kg5 Kg7 55. Ra3 Rb1 56. Ra7+ Kg8 57. Re7 Rb6 58. g4
Ra6 59. Kf5 Ra5+ 60. Kf6 Ra6+ 61. Kg5 Ra5+ 62. Kh4 Rb5 63. Re6 Kg7 64. Re4 Kg6
65. Ra4 Rc5 66. Ra8 Rb5 67. Rg8+ Kh6 68. g5+ Kh7 69. Rd8 Kg6 70. Rd6+ Kg7 71.
Kh5 Rb7 72. Rg6+ Kh7 73. Re6 Ra7 74. Kg4 Ra5 75. Kf4 Kg7 76. Rd6 Rb5 77. Kg4
Ra5 78. Kh4 Rb5 79. Kh5 Rb7 80. Rd5 Ra7 81. Kg4 Kg6 82. Rd6+ Kg7 83. Re6 Ra5
84. Kf4 Rb5 85. Re5 Rxe5 86. Kxe5 Kg6 87. Kf4 Kg7 88. Kf5 Kf7 89. g6+ Kg7 90.
Kg5 Kg8 91. Kg4 Kg7 92. Kf5 Kg8 93. Kf6 Kf8 94. g7+ Kg8 95. Kg6 1/2-1/2

[Event "16. Obert Internacional Sant Martí 2014"]
[Site "Barcelona ESP"]
[Date "2014.07.16"]
[Round "4.41"]
[White "Colom Andres, Xavier"]
[Black "Asensio Linan, Teodoro"]
[Result "0-1"]
[WhiteElo "1905"]
[BlackElo "2189"]
[PlyCount "150"]
[EventDate "2014.07.13"]
[EventType "swiss"]
[EventRounds "9"]
[EventCountry "ESP"]
[Source "lmi"]
[SourceDate "2014.07.13"]

1. Nf3 d6 2. g3 e5 3. d3 Be7 4. Bg2 Nd7 5. c4 c6 6. O-O g5 7. Nc3 g4 8. Ne1 h5
9. d4 Qa5 10. d5 c5 11. e4 a6 12. Bd2 Qd8 13. Nc2 Bg5 14. f4 Bh6 15. Qe2 Ne7
16. Ne1 b5 17. b3 Rb8 18. Nd3 Ng6 19. Rf2 bxc4 20. bxc4 Nb6 21. Bc1 Nxc4 22. f5
Qa5 23. Bxh6 Rxh6 24. fxg6 Qxc3 25. gxf7+ Kf8 26. Raf1 Qd4 27. Rd1 Rf6 28. Nf4
Rb2 29. Ne6+ Bxe6 30. Rxd4 Rxf2 31. Qxf2 Rxf2 32. Rxc4 Bxd5 33. exd5 Rxa2 34.
h3 gxh3 35. Bxh3 Kxf7 36. Bd7 Kf6 37. Be8 Rd2 38. Bc6 Rd4 39. Rc2 Kf5 40. Kg2
a5 41. Ra2 h4 42. gxh4 Rxh4 43. Rxa5 Rd4 44. Kf2 Ke4 45. Ra3 Rd2+ 46. Ke1 Rb2
47. Rh3 Kd4 48. Rh6 Ke3 49. Kd1 e4 50. Rh3+ Kd4 51. Rh6 e3 52. Rxd6 Rb1+ 53.
Ke2 Rb2+ 54. Ke1 Kd3 55. Kf1 Rb1+ 56. Kg2 e2 57. Bb5+ Rxb5 58. Re6 c4 59. d6
Rg5+ 60. Kf3 Rf5+ 61. Kg4 Rf6 62. d7 Rxe6 63. d8=Q+ Kc2 64. Qd5 e1=Q 65. Qxc4+
Kb2 66. Qb5+ Ka3 67. Qd3+ Ka4 68. Qc2+ Kb5 69. Qd3+ Kc5 70. Qc2+ Kd6 71. Qd3+
Kc7 72. Qc4+ Rc6 73. Qf7+ Kd6 74. Qf8+ Qe7 75. Qb8+ Kc5 0-1

[Event "16. Obert Internacional Sant Martí 2014"]
[Site "Barcelona ESP"]
[Date "2014.07.16"]
[Round "4.42"]
[White "Juan Bartroli, Pau"]
[Black "Saiz Rodrigo, Fernando"]
[Result "1-0"]
[WhiteElo "2179"]
[BlackElo "1917"]
[PlyCount "45"]
[EventDate "2014.07.13"]
[EventType "swiss"]
[EventRounds "9"]
[EventCountry "ESP"]
[Source "lmi"]
[SourceDate "2014.07.13"]

1. d4 d5 2. c4 e6 3. Nc3 Nf6 4. cxd5 exd5 5. Bg5 Be7 6. e3 Nbd7 7. Bd3 O-O 8.
Nf3 Re8 9. O-O a6 10. Qc2 b6 11. Ne5 Nxe5 12. dxe5 Ng4 13. Bf4 Bg5 14. Nxd5 Bb7
15. Nc3 Nxe5 16. Bxh7+ Kh8 17. Rad1 Qf6 18. Ne4 Bxe4 19. Bxe4 Ra7 20. Bxg5 Qxg5
21. f4 Qh6 22. fxe5 Qxe3+ 23. Kh1 1-0

[Event "16. Obert Internacional Sant Martí 2014"]
[Site "Barcelona ESP"]
[Date "2014.07.16"]
[Round "4.43"]
[White "Naslund, Mikael"]
[Black "Moreno Perez, Norberto"]
[Result "1-0"]
[WhiteElo "2148"]
[BlackElo "1962"]
[PlyCount "71"]
[EventDate "2014.07.13"]
[EventType "swiss"]
[EventRounds "9"]
[EventCountry "ESP"]
[Source "lmi"]
[SourceDate "2014.07.13"]

1. d4 d5 2. c4 c6 3. Nf3 Nf6 4. e3 Bg4 5. Nc3 Nbd7 6. h3 Bxf3 7. Qxf3 e6 8. Bd3
Bd6 9. O-O h6 10. cxd5 exd5 11. e4 dxe4 12. Nxe4 Nxe4 13. Qxe4+ Qe7 14. Qf3
O-O-O 15. Bd2 Qf6 16. Qd1 Qxd4 17. Bc3 Qd5 18. Qc2 Nc5 19. Bf5+ Ne6 20. Rfd1
Qc4 21. g3 Kb8 22. b3 Qc5 23. b4 Qb6 24. a4 Qc7 25. b5 c5 26. a5 Nd4 27. Bxd4
cxd4 28. Qe4 g6 29. b6 Qc5 30. a6 Qxb6 31. Rdb1 gxf5 32. Qxf5 Qc6 33. Rxb7+ Ka8
34. Qxf7 Bc5 35. Rc7 Qd5 36. Rc8+ 1-0

[Event "16. Obert Internacional Sant Martí 2014"]
[Site "Barcelona ESP"]
[Date "2014.07.16"]
[Round "4.44"]
[White "Quirhuayo, Gonzalo"]
[Black "Raghunandan, Kaumandur Srihari"]
[Result "0-1"]
[WhiteElo "1858"]
[BlackElo "2148"]
[PlyCount "92"]
[EventDate "2014.07.13"]
[EventType "swiss"]
[EventRounds "9"]
[EventCountry "ESP"]
[Source "lmi"]
[SourceDate "2014.07.13"]

1. e4 c5 2. Nf3 d6 3. d4 cxd4 4. Nxd4 Nf6 5. Nc3 a6 6. Bg5 Nc6 7. Bxf6 gxf6 8.
Qd2 h5 9. Nxc6 bxc6 10. Bc4 Bd7 11. O-O h4 12. f4 Qb6+ 13. Kh1 e6 14. f5 Be7
15. fxe6 fxe6 16. e5 fxe5 17. Qd3 d5 18. Qg6+ Kd8 19. Qg7 Re8 20. Be2 Kc7 21.
Bh5 Bf8 22. Qg5 Red8 23. Na4 Qb4 24. b3 Bd6 25. c4 Rg8 26. Qxh4 e4 27. Rac1 Qd2
28. Qf2 Qxf2 29. Rxf2 Raf8 30. Rxf8 Rxf8 31. Nc3 Ba3 32. Rd1 Bb4 33. Ne2 e5 34.
Ng3 Be6 35. Be2 Kb6 36. cxd5 cxd5 37. h4 Rf4 38. Nf1 Rxh4+ 39. Nh2 d4 40. g3
Rh8 41. Kg2 d3 42. Bxd3 exd3 43. Rxd3 e4 44. Re3 Bc5 45. Re2 Bh3+ 46. Kh1 Bg4
0-1

[Event "16. Obert Internacional Sant Martí 2014"]
[Site "Barcelona ESP"]
[Date "2014.07.16"]
[Round "4.45"]
[White "Sanchez Lopez, Juan Manuel"]
[Black "Tateo, Ida"]
[Result "1-0"]
[WhiteElo "2141"]
[BlackElo "1330"]
[PlyCount "67"]
[EventDate "2014.07.13"]
[EventType "swiss"]
[EventRounds "9"]
[EventCountry "ESP"]
[Source "lmi"]
[SourceDate "2014.07.13"]

1. c4 Nf6 2. Nc3 g6 3. e4 d6 4. d4 Bg7 5. Be2 O-O 6. Nf3 e5 7. d5 Nbd7 8. Bg5
h6 9. Bh4 g5 10. Bg3 Nh5 11. h4 g4 12. Nh2 Nxg3 13. fxg3 h5 14. O-O Bh6 15.
Nxg4 hxg4 16. Bxg4 Nc5 17. Bf5 Bxf5 18. Rxf5 Bg7 19. Qg4 Qd7 20. h5 Kh7 21. h6
Bxh6 22. Raf1 c6 23. dxc6 bxc6 24. b4 Na6 25. b5 cxb5 26. Nd5 f6 27. Qh4 Qg7
28. Nxf6+ Kh8 29. Rh5 Rxf6 30. Rxf6 bxc4 31. Rhxh6+ Kg8 32. Rhg6 c3 33. Rxg7+
Kxg7 34. Qg5+ 1-0